00536 2200193 4500001002100000005001700021008004100038035002400079082001100103090001600114245005800130260004400188300003800232650002300270850001500293980001300308985000600321999001500327YOGYA-0209000003236820090227024658.0 ind  0010-020900000032368 a353.04 a353.04bPed aPEDOMAN Penerangan 1983-1988 Departemen Penerangan RI aJakartabDepartemen Penerangan RIc1983 aviii, 73, xxxvii hlmbilusc20 cm aKabinet Pemerintah aYOPDYOG(B) a13-12-06 a1 a06A0017845